9 Fictional Australian Characters Quiz Stats

 Plays Quiz Updated Apr 17, 2020

     
Support Sporcle.
Go Orange.
Score 0/9 Timer 00:45
7 Plays Today
% Correct
Mick Dundee
93.1%
Muriel Heslop
90.3%
Cpt. Boomerang
88.7%
Mad Max
84.6%
Rocko
76.8%
Blinky Bill
63.8%
Chesty Bond
57.6%
Craig Marduk
51.9%
Hando
47.4%

From the Vault

9 Fictional British Movie Men

by Pilgab

Movies 60s
Do you have your cricket bat ready?
Remove Ads.
Support Sporcle.
Get the best of Sporcle when you Go Orange. This ad-free experience offers more features, more stats, and more fun while also helping to support Sporcle. Thank you for becoming a member.

Show Comments

Extras

Top Quizzes Today


Score Distribution

Your Account Isn't Verified!

In order to create a playlist on Sporcle, you need to verify the email address you used during registration. Go to your Sporcle Settings to finish the process.

Report this User

Report this user for behavior that violates our Community Guidelines.

Details: